000 00510nam a2200193Ia 4500
005 20260609141834.0
008 131103s9999 xx 000 0 und d
040 _aLoreto College
041 _aEnglish
082 _a842.91
_bLES
245 _aChez les dupre
_cAdapted by Gerald Lester & Robert Ferrieux
260 _aLondon
_bOxford University
_c1964
300 _a96p.
504 _aIncludes vocabulaire
650 _aFrench drama
700 _aLester, Gerald; adap
850 _aLCLIB
942 _cBK
999 _c24468
_d74947